Quản lý ngập lụt và ô nhiễm môi trường ở Việt Nam

Giới thiệu các phương pháp tiếp cận mới, nhấn mạnh đến giải pháp phi kết cầu và giải pháp quản lý tổng hợp tài nguyên thiên nhiên lưu vực sông, nhằm kiểm soát quá trình phát triển. Giới thiệu các kỹ thuật và công nghệ xử lý các châ...

Volledige beschrijving

Bewaard in:
Bibliografische gegevens
Hoofdauteur: Trần, Văn Mô
Formaat: Boek
Taal:Undetermined
Gepubliceerd in: H. Xây dựng 2018
Onderwerpen:
Online toegang:http://lrc.tdmu.edu.vn/opac/search/detail.asp?aID=2&ID=35123
Tags: Voeg label toe
Geen labels, Wees de eerste die dit record labelt!
Thư viện lưu trữ: Trung tâm Học liệu Trường Đại học Thủ Dầu Một
LEADER 01189nam a2200205Ia 4500
001 TDMU_35123
008 210410s9999 xx 000 0 und d
082 |a 627 
090 |b TR121 
100 |a Trần, Văn Mô 
245 0 |a Quản lý ngập lụt và ô nhiễm môi trường ở Việt Nam 
245 0 |c Trần Văn Mô 
260 |a H. 
260 |b Xây dựng 
260 |c 2018 
300 |a 250tr. 
520 |a Giới thiệu các phương pháp tiếp cận mới, nhấn mạnh đến giải pháp phi kết cầu và giải pháp quản lý tổng hợp tài nguyên thiên nhiên lưu vực sông, nhằm kiểm soát quá trình phát triển. Giới thiệu các kỹ thuật và công nghệ xử lý các chất dinh dưỡng (N,P) có trong nước thải đô thị bao gồm cả yêu cầu xử lý nước mưa 
650 |a Môi trường  |x Ô nhiễm môi trường  |x Quản lý  |z Việt Nam 
856 |u http://lrc.tdmu.edu.vn/opac/search/detail.asp?aID=2&ID=35123 
980 |a Trung tâm Học liệu Trường Đại học Thủ Dầu Một